[Event "Wroclaw Open"]
[Site "?"]
[Date "2017.08.16"]
[Round "3.3"]
[White "Jagodzinski, Piotr"]
[Black "Sieciechowicz, Marcin"]
[Result "0-1"]
[BlackElo "2408"]
[WhiteElo "2177"]
[LiveChessVersion "1.4.6"]

1. d4 {[%clk 1:30:58]} Nf6 {[%clk 1:29:37]} 2. Nf3 {[%clk 1:31:14]} g6
{[%clk 1:29:53]} 3. g3 {[%clk 1:28:29]} Bg7 {[%clk 1:30:09]} 4. Bg2
{[%clk 1:28:56]} d5 {[%clk 1:30:33]} 5. c4 {[%clk 1:27:53]} dxc4 {[%clk 1:30:50]}
6. Qa4+ {[%clk 1:28:14]} Nfd7 {[%clk 1:31:14]} 7. O-O {[%clk 1:11:26]} O-O
{[%clk 1:30:49]} 8. Qxc4 {[%clk 1:11:36]} Nb6 {[%clk 1:30:39]} 9. Qc2
{[%clk 1:04:57]} Nc6 {[%clk 1:30:58]} 10. Nc3 {[%clk 1:03:34]} Nxd4
{[%clk 1:23:16]} 11. Nxd4 {[%clk 1:03:56]} Qxd4 {[%clk 1:23:41]} 12. Nb5
{[%clk 0:58:57]} Qc4 {[%clk 1:22:47]} 13. Qxc4 {[%clk 0:59:21]} Nxc4
{[%clk 1:23:16]} 14. Nxc7 {[%clk 0:59:37]} Rb8 {[%clk 1:23:33]} 15. Nd5
{[%clk 0:44:37]} Re8 {[%clk 1:17:32]} 16. Bf4 {[%clk 0:44:07]} e5
{[%clk 1:16:18]} 17. Bg5 {[%clk 0:43:50]} Bd7 {[%clk 1:08:03]} 18. b3
{[%clk 0:43:09]} Nb6 {[%clk 1:07:02]} 19. Nxb6 {[%clk 0:38:36]} axb6
{[%clk 1:04:57]} 20. Rfd1 {[%clk 0:35:12]} e4 {[%clk 1:04:11]} 21. Rac1
{[%clk 0:34:25]} Bc6 {[%clk 1:04:05]} 22. Be3 {[%clk 0:34:13]} b5
{[%clk 1:03:29]} 23. Bd4 {[%clk 0:34:19]} Ra8 {[%clk 0:58:30]} 24. Bxg7
{[%clk 0:34:38]} Kxg7 {[%clk 0:58:50]} 25. Rc2 {[%clk 0:34:08]} Red8
{[%clk 0:58:24]} 26. Rcd2 {[%clk 0:32:48]} Rxd2 {[%clk 0:58:49]} 27. Rxd2
{[%clk 0:33:16]} f5 {[%clk 0:58:35]} 28. f4 {[%clk 0:29:12]} Kf6 {[%clk 0:58:00]}
29. e3 {[%clk 0:28:08]} Ke6 {[%clk 0:57:02]} 30. Bf1 {[%clk 0:28:29]} Bd7
{[%clk 0:52:09]} 31. Rc2 {[%clk 0:23:04]} Kd6 {[%clk 0:51:52]} 32. Kf2
{[%clk 0:22:28]} Bc6 {[%clk 0:51:48]} 33. Ke1 {[%clk 0:22:50]} h6
{[%clk 0:49:08]} 34. Kd2 {[%clk 0:20:53]} b4 {[%clk 0:45:30]} 35. Kc1
{[%clk 0:20:55]} g5 {[%clk 0:44:06]} 36. Kb2 {[%clk 0:16:08]} Rg8
{[%clk 0:35:27]} 37. Rf2 {[%clk 0:16:27]} gxf4 {[%clk 0:31:27]} 38. Rxf4
{[%clk 0:16:32]} Ke5 {[%clk 0:31:53]} 39. Rf2 {[%clk 0:07:36]} h5
{[%clk 0:26:37]} 40. Bh3 {[%clk 0:03:44]} Bd7 {[%clk 0:26:23]} 41. Rd2
{[%clk 0:04:13]} Be6 {[%clk 0:26:25]} 42. Rd4 {[%clk 0:04:38]} h4
{[%clk 0:26:12]} 43. gxh4 {[%clk 0:04:17]} f4 {[%clk 0:21:47]} 44. Bxe6
{[%clk 0:04:46]} fxe3 {[%clk 0:18:16]} 45. Bxg8 {[%clk 0:00:43]} e2
{[%clk 0:18:37]} 46. Rxb4 {[%clk 0:00:39]} e1=Q {[%clk 0:18:43]} 47. Rxb7
{[%clk 0:00:37]} Qf2+ {[%clk 0:14:05]} 48. Kc3 {[%clk 0:00:51]} Qd4+
{[%clk 0:12:37]} 49. Kc2 {[%clk 0:01:19]} e3 {[%clk 0:11:57]} 50. Rb5+
{[%clk 0:01:48]} Kf4 {[%clk 0:10:02]} 51. Bc4 {[%clk 0:02:17]} Qd2+
{[%clk 0:10:04]} 52. Kb1 {[%clk 0:02:46]} e2 {[%clk 0:10:09]} 53. Bxe2
{[%clk 0:02:34]} Qe1+ {[%clk 0:10:35]} 54. Bd1 {[%clk 0:03:30]} Qxd1+
{[%clk 0:11:31]} 0-1

[Event "Wroclaw Open"]
[Site "?"]
[Date "2017.08.16"]
[Round "3.4"]
[White "Swicarz, Maciej"]
[Black "Dziodzio, Angelika"]
[Result "1-0"]
[BlackElo "2126"]
[WhiteElo "2369"]
[LiveChessVersion "1.4.6"]

1. e4 {[%clk 1:30:48]} c5 {[%clk 1:30:48]} 2. Nf3 {[%clk 1:30:57]} d6
{[%clk 1:31:11]} 3. d4 {[%clk 1:31:21]} cxd4 {[%clk 1:31:37]} 4. Nxd4
{[%clk 1:31:09]} Nf6 {[%clk 1:32:01]} 5. Nc3 {[%clk 1:31:31]} Nc6
{[%clk 1:32:24]} 6. Bg5 {[%clk 1:31:17]} Qb6 {[%clk 1:32:49]} 7. Be3
{[%clk 1:31:38]} Qc7 {[%clk 1:24:20]} 8. f3 {[%clk 1:31:21]} a6 {[%clk 1:24:09]}
9. Qd2 {[%clk 1:31:36]} e6 {[%clk 1:24:28]} 10. O-O-O {[%clk 1:31:33]} Be7
{[%clk 1:24:55]} 11. Kb1 O-O 12. g4 {[%clk 1:31:35]} Rd8 {[%clk 1:24:42]} 13. g5
{[%clk 1:31:09]} Ne8 {[%clk 1:24:55]} 14. h4 {[%clk 1:29:36]} b5 {[%clk 1:24:51]}
15. h5 {[%clk 1:26:25]} b4 {[%clk 1:22:19]} 16. Nxc6 {[%clk 1:23:02]} Qxc6
{[%clk 1:22:25]} 17. Ne2 {[%clk 1:23:28]} d5 {[%clk 1:21:54]} 18. Nd4
{[%clk 1:22:10]} Qc7 {[%clk 1:21:30]} 19. e5 {[%clk 1:22:36]} a5 {[%clk 1:19:51]}
20. f4 {[%clk 1:22:33]} Ba6 {[%clk 1:18:44]} 21. g6 {[%clk 1:22:19]} Bc5
{[%clk 1:11:20]} 22. h6 {[%clk 1:07:27]} hxg6 {[%clk 1:09:20]} 23. Qh2
{[%clk 1:05:14]} Bf8 {[%clk 1:08:22]} 24. hxg7 {[%clk 1:05:06]} Bxg7
{[%clk 1:08:50]} 25. Qh7+ {[%clk 0:49:05]} Kf8 {[%clk 1:09:11]} 26. Bh3
{[%clk 0:48:47]} Bc8 {[%clk 1:04:15]} 27. Nb3 {[%clk 0:47:13]} d4
{[%clk 1:03:40]} 28. Rxd4 {[%clk 0:45:43]} Bb7 {[%clk 1:03:24]} 29. Rxd8 Rxd8 30.
Bc5+ Qxc5 31. Nxc5 Bxh1 32. c4 bxc3 33. Bxe6 Bc6 34. Bb3 a4 35. Bxa4 Bxa4 36.
Nxa4 cxb2 37. Nxb2 Rd4 38. Qh2 Nc7 39. Kc2 Ke8 40. Nd3 Nd5 41. Qh7 Kf8 42. Qh4
Ke8 43. Qh7 Kf8 44. Qh1 Kg8 45. Qh4 Bf8 46. Qg3 Rc4+ 47. Kb2 Rc3 48. e6 Bg7 49.
Kb1 Ne7 50. Qg5 Rxd3 51. Qxe7 fxe6 52. Qxe6+ Kh7 53. f5 Rg3 54. f6 Bh6 55. Qe7+
Kh8 56. Qd8+ 1-0

[Event "Wroclaw Open"]
[Site "?"]
[Date "2017.08.16"]
[Round "3.5"]
[White "Decker, Nils"]
[Black "Piotrowski, Przemyslaw"]
[Result "0-1"]
[BlackElo "2335"]
[WhiteElo "2034"]
[LiveChessVersion "1.4.6"]

1. d4 d6 {[%clk 1:25:57]} 2. e4 {[%clk 1:29:28]} Nf6 {[%clk 1:26:22]} 3. Bd3
{[%clk 1:26:09]} e5 {[%clk 1:26:43]} 4. c3 {[%clk 1:25:56]} Nbd7 {[%clk 1:25:55]}
5. Ne2 {[%clk 1:16:34]} g6 {[%clk 1:26:15]} 6. O-O {[%clk 1:15:09]} Bg7
{[%clk 1:26:33]} 7. f3 {[%clk 1:12:58]} O-O {[%clk 1:26:57]} 8. Bg5
{[%clk 1:12:11]} h6 {[%clk 1:26:42]} 9. Bh4 {[%clk 1:10:56]} c5 {[%clk 1:23:00]}
10. Na3 {[%clk 1:08:11]} cxd4 {[%clk 1:13:37]} 11. cxd4 {[%clk 1:07:20]} exd4
{[%clk 1:13:55]} 12. Nb5 {[%clk 1:01:44]} Ne5 {[%clk 1:12:06]} 13. f4
{[%clk 0:59:38]} Neg4 {[%clk 1:08:53]} 14. Qa4 {[%clk 0:46:13]} Bd7
{[%clk 0:29:33]} 15. h3 {[%clk 0:34:13]} a6 {[%clk 0:28:28]} 16. hxg4
{[%clk 0:32:11]} axb5 {[%clk 0:28:54]} 17. Qxd4 {[%clk 0:31:31]} g5
{[%clk 0:24:44]} 18. fxg5 {[%clk 0:29:41]} Ne8 {[%clk 0:12:07]} 19. Qe3
{[%clk 0:28:51]} Bxg4 {[%clk 0:12:07]} 20. Bxb5 {[%clk 0:19:20]} Bxe2
{[%clk 0:08:25]} 21. Bxe2 {[%clk 0:19:15]} hxg5 {[%clk 0:07:26]} 22. Bxg5
{[%clk 0:19:01]} Qd7 {[%clk 0:02:11]} 23. Qb3 {[%clk 0:15:58]} Ra5
{[%clk 0:01:56]} 24. Be3 {[%clk 0:15:03]} Nf6 {[%clk 0:01:41]} 25. Qc3
{[%clk 0:12:11]} Re5 {[%clk 0:02:08]} 26. Bd4 {[%clk 0:08:28]} Nxe4
{[%clk 0:02:37]} 27. Qd3 {[%clk 0:07:14]} Re6 {[%clk 0:02:54]} 28. Bxg7
{[%clk 0:06:25]} Kxg7 {[%clk 0:03:11]} 29. Bg4 {[%clk 0:06:36]} Qc6
{[%clk 0:00:49]} 30. Qd4+ {[%clk 0:01:10]} Re5 {[%clk 0:01:11]} 31. Rac1
{[%clk 0:01:22]} Qb5 {[%clk 0:00:38]} 32. Bf3 {[%clk 0:01:08]} Ng5
{[%clk 0:00:55]} 33. Qxd6 {[%clk 0:01:03]} Qxb2 {[%clk 0:01:19]} 34. Rcd1
{[%clk 0:00:33]} Rfe8 {[%clk 0:01:21]} 35. Bd5 {[%clk 0:00:40]} R5e7
{[%clk 0:00:33]} 36. Qf4 {[%clk 0:00:32]} f6 {[%clk 0:00:51]} 37. Rb1
{[%clk 0:00:39]} Qc3 {[%clk 0:00:58]} 38. Rf2 {[%clk 0:00:31]} Re1+
{[%clk 0:00:44]} 39. Rxe1 {[%clk 0:00:54]} Rxe1+ {[%clk 0:01:01]} 40. Kh2
{[%clk 0:01:05]} Qa1 {[%clk 0:00:47]} 41. g3 {[%clk 0:01:22]} Re7
{[%clk 0:00:43]} 42. Qb8 {[%clk 0:01:39]} Nf7 {[%clk 0:00:48]} 43. Rf4
{[%clk 0:00:38]} Qb2+ {[%clk 0:00:52]} 44. Bg2 {[%clk 0:00:50]} Re2
{[%clk 0:00:51]} 45. Rg4+ {[%clk 0:00:52]} Ng5 {[%clk 0:01:21]} 46. Qc7+
{[%clk 0:00:47]} Kg6 {[%clk 0:01:50]} 47. Rxg5+ {[%clk 0:01:02]} fxg5
{[%clk 0:02:11]} 48. Qd6+ {[%clk 0:01:19]} Kf7 {[%clk 0:01:58]} 49. Qd5+
{[%clk 0:01:32]} Kf6 {[%clk 0:02:04]} 50. Qd8+ {[%clk 0:01:36]} Ke6
{[%clk 0:01:55]} 51. Qd5+ {[%clk 0:01:50]} Kf6 {[%clk 0:02:23]} 52. Qd8+
{[%clk 0:02:11]} Re7 {[%clk 0:02:09]} 53. Qh8+ {[%clk 0:01:27]} Rg7
{[%clk 0:02:37]} 54. Qd8+ {[%clk 0:01:20]} Kg6 {[%clk 0:02:15]} 55. Qe8+
{[%clk 0:01:18]} Rf7 {[%clk 0:02:31]} 56. Kh3 {[%clk 0:00:42]} Qd4
{[%clk 0:01:58]} 57. Qg8+ {[%clk 0:00:35]} Qg7 {[%clk 0:02:19]} 58. Be4+
{[%clk 0:00:47]} Kh6 {[%clk 0:02:40]} 59. Qc8 {[%clk 0:00:37]} b6
{[%clk 0:02:10]} 60. Qe6+ {[%clk 0:00:33]} Qf6 {[%clk 0:02:01]} 61. Qc8
{[%clk 0:00:32]} Qf1+ {[%clk 0:02:09]} 62. Bg2 {[%clk 0:00:33]} Qf5+
{[%clk 0:01:34]} 63. Qxf5 {[%clk 0:00:59]} Rxf5 {[%clk 0:02:02]} 64. Bc6
{[%clk 0:00:58]} b5 {[%clk 0:01:18]} 65. Bd7 {[%clk 0:01:23]} Rd5
{[%clk 0:01:33]} 66. Be6 {[%clk 0:01:48]} Re5 {[%clk 0:02:01]} 67. Bf7
{[%clk 0:01:48]} Re4 {[%clk 0:02:10]} 68. Bd5 {[%clk 0:00:44]} Rd4
{[%clk 0:02:36]} 69. Bf7 {[%clk 0:00:55]} b4 {[%clk 0:03:01]} 70. Be6
{[%clk 0:01:07]} Kg7 {[%clk 0:03:29]} 71. Kg2 {[%clk 0:01:00]} Kf6
{[%clk 0:03:54]} 72. Bg8 {[%clk 0:01:09]} g4 {[%clk 0:03:50]} 73. Kf2
{[%clk 0:01:15]} Rd3 {[%clk 0:04:16]} 74. Bc4 {[%clk 0:01:19]} Rf3+
{[%clk 0:04:37]} 75. Kg2 {[%clk 0:01:44]} Rc3 {[%clk 0:05:04]} 76. Bg8
{[%clk 0:01:31]} Rc2+ {[%clk 0:05:29]} 77. Kf1 {[%clk 0:01:49]} Ke5
{[%clk 0:05:56]} 78. Bf7 {[%clk 0:02:07]} Rb2 {[%clk 0:05:58]} 79. Ke1
{[%clk 0:01:55]} Rg2 {[%clk 0:06:06]} 80. Kf1 {[%clk 0:01:57]} Rxg3
{[%clk 0:06:31]} 81. Bg8 {[%clk 0:02:19]} Kf4 {[%clk 0:06:47]} 82. Kf2
{[%clk 0:02:31]} Rc3 {[%clk 0:07:08]} 0-1

[Event "Wroclaw Open"]
[Site "?"]
[Date "2017.08.16"]
[Round "3.6"]
[White "Vypkhaniuk, Ihor"]
[Black "Engers, Felix"]
[Result "1-0"]
[BlackElo "1919"]
[WhiteElo "2333"]
[LiveChessVersion "1.4.6"]

1. Nf3 Nf6 2. c4 g6 3. Nc3 Bg7 4. d4 d5 5. e3 O-O 6. cxd5 Nxd5 7. Bc4 Nxc3 8.
bxc3 c5 9. O-O b6 10. Qe2 cxd4 11. cxd4 Bb7 12. Ba3 Nc6 13. Rac1 Rc8 14. Rfd1 Re8
15. Bb5 e6 16. Rd2 Bf8 17. Bb2 Re7 18. d5 exd5 19. Bxc6 Rxc6 20. Rxc6 Bxc6 21.
Bf6 d4 22. Nxd4 Qa8 23. Bxe7 Bxe7 24. Nxc6 Qxc6 25. g3 h5 26. h4 b5 27. Qd3 Bf6
28. Rc2 Qb7 29. Qd6 1-0

[Event "Wroclaw Open"]
[Site "?"]
[Date "2017.08.16"]
[Round "3.7"]
[White "Jankowiak, Piotr"]
[Black "Kucza, Karol"]
[Result "0-1"]
[BlackElo "2320"]
[WhiteElo "1774"]
[LiveChessVersion "1.4.6"]

1. d4 d5 2. c4 e6 3. Nc3 c6 4. e3 Nf6 5. Nf3 Nbd7 6. Qc2 Bd6 7. Bd3 O-O 8. O-O
dxc4 9. Bxc4 b5 10. Be2 Bb7 11. Rd1 Qc7 12. e4 e5 13. Bg5 Rfe8 14. Rac1 Rac8 15.
g3 exd4 16. Nxd4 b4 17. Nf5 Be5 18. Na4 c5 19. f3 g6 20. Ne3 Bxg3 21. Bb5 Bf4 22.
Bxf4 Qxf4 23. Bxd7 Qxe3+ 24. Qf2 Qg5+ 25. Qg2 Qe3+ 26. Qf2 Qg5+ 27. Qg2 Qxg2+ 28.
Kxg2 Nxd7 29. Rxd7 Bc6 30. Rxa7 Ra8 31. Rxa8 Rxa8 32. Nxc5 Rxa2 33. Rc2 Bb5 34.
Kf2 Kg7 35. Ke3 Kh6 36. Nd3 b3 37. Rd2 Ra1 38. Nc5 Bc4 39. Kd4 Rc1 40. Nd3 Bxd3
41. Rxd3 Rc2 42. Rxb3 Rxh2 43. Rb7 Kg7 44. b4 h5 45. Ra7 h4 46. b5 Rb2 47. Kc5 h3
48. Ra1 Kf6 49. Kc6 Ke5 50. b6 Kf4 51. b7 Kxf3 52. Rf1+ Kxe4 53. Rxf7 g5 54. Re7+
Kf4 55. Re2 Rxb7 56. Kxb7 g4 0-1

[Event "Wroclaw Open"]
[Site "?"]
[Date "2017.08.16"]
[Round "3.8"]
[White "Grabarczyk, Miroslaw"]
[Black "Fuchs, Dominik"]
[Result "1-0"]
[BlackElo "1865"]
[WhiteElo "2441"]
[LiveChessVersion "1.4.6"]

1. d4 {[%clk 1:30:57]} Nf6 {[%clk 1:30:55]} 2. c4 {[%clk 1:31:20]} c5
{[%clk 1:31:19]} 3. d5 {[%clk 1:31:43]} e6 {[%clk 1:31:43]} 4. Nc3
{[%clk 1:31:43]} exd5 {[%clk 1:32:07]} 5. cxd5 {[%clk 1:32:05]} d6
{[%clk 1:32:31]} 6. Nf3 {[%clk 1:31:47]} g6 {[%clk 1:32:48]} 7. h3
{[%clk 1:32:02]} a6 {[%clk 1:32:52]} 8. a4 {[%clk 1:32:19]} Qe7 {[%clk 1:33:01]}
9. Bf4 {[%clk 1:29:24]} Bg7 {[%clk 1:32:52]} 10. e3 {[%clk 1:29:46]} O-O
{[%clk 1:32:11]} 11. Be2 {[%clk 1:25:50]} Nbd7 {[%clk 1:31:20]} 12. O-O
{[%clk 1:26:10]} Nh5 {[%clk 1:26:53]} 13. Bh2 {[%clk 1:26:21]} f5
{[%clk 1:20:29]} 14. Nd2 {[%clk 1:26:35]} Nhf6 {[%clk 1:18:55]} 15. Nc4
{[%clk 1:26:40]} Ne8 {[%clk 1:19:16]} 16. a5 {[%clk 1:24:07]} Rb8
{[%clk 1:17:29]} 17. Na4 {[%clk 1:23:32]} Ne5 {[%clk 1:09:36]} 18. Rb1
{[%clk 1:21:19]} b5 {[%clk 1:07:58]} 19. axb6 {[%clk 1:21:01]} Bb7
{[%clk 1:07:59]} 20. Na5 {[%clk 1:13:42]} Qf7 {[%clk 1:03:34]} 21. Nxb7
{[%clk 1:09:57]} Qxb7 {[%clk 1:02:58]} 22. b4 {[%clk 1:10:19]} c4
{[%clk 0:55:11]} 23. Rc1 {[%clk 1:07:51]} Nd7 {[%clk 0:53:59]} 24. Rxc4
{[%clk 1:07:44]} Nxb6 {[%clk 0:52:34]} 25. Nxb6 {[%clk 1:03:35]} Qxb6
{[%clk 0:52:55]} 26. Qa4 {[%clk 1:03:58]} Qb5 {[%clk 0:49:17]} 27. Qa2
{[%clk 0:59:25]} Qxd5 {[%clk 0:46:03]} 28. Rd1 {[%clk 0:58:33]} Qf7
{[%clk 0:45:26]} 29. Qxa6 {[%clk 0:58:53]} Qb7 30. Qa2 Kh8 {[%clk 0:37:41]} 31.
Bf3 {[%clk 0:58:59]} Qe7 {[%clk 0:36:08]} 32. Bc6 {[%clk 0:58:01]} Rb6
{[%clk 0:34:41]} 33. b5 {[%clk 0:55:51]} Qf6 {[%clk 0:31:24]} 34. Qa7
{[%clk 0:52:38]} Qd8 {[%clk 0:30:24]} 35. Ra4 {[%clk 0:49:05]} Bf6
{[%clk 0:26:34]} 36. Qd7 {[%clk 0:47:08]} Qxd7 {[%clk 0:23:52]} 37. Bxd7
{[%clk 0:47:30]} Be7 {[%clk 0:22:43]} 38. Ra7 {[%clk 0:46:37]} Bd8
{[%clk 0:19:44]} 39. Bc6 {[%clk 0:45:16]} Bf6 {[%clk 0:17:30]} 40. Ra8
{[%clk 0:45:24]} 1-0

[Event "Wroclaw Open"]
[Site "?"]
[Date "2017.08.16"]
[Round "3.9"]
[White "Nowak, Kamil"]
[Black "Widla, Piotr"]
[Result "1-0"]
[BlackElo "2029"]
[WhiteElo "2318"]
[LiveChessVersion "1.4.6"]

1. e4 c5 2. Nf3 d6 3. d4 cxd4 4. Nxd4 Nf6 5. Nc3 a6 6. Be2 e6 7. f4 Qc7 8. O-O
Be7 9. Kh1 O-O 10. Qe1 Nc6 11. Be3 Bd7 12. Qg3 Rfd8 13. Bf3 Rac8 14. Nb3 b5 15.
a3 Be8 16. Qf2 Rb8 17. g4 d5 18. exd5 exd5 19. g5 d4 20. Nxd4 Nxd4 21. Bxd4 Rxd4
22. Qxd4 Rd8 23. Qe3 Bc5 24. Qe2 Nd7 25. Nd5 Qb8 26. Rad1 Nf8 27. b4 Bd6 28. f5
Bd7 29. Be4 Re8 30. Qg2 Kh8 31. Rfe1 Bc6 32. Nc3 Bxe4 33. Nxe4 Bf4 34. Nc5 Rc8
35. Qb7 Qxb7+ 36. Nxb7 Bxg5 37. Nd6 Rc7 38. Re8 Kg8 39. Ne4 Re7 40. Rxe7 Bxe7 41.
Nc5 a5 42. Rd5 axb4 43. axb4 g6 44. Nd3 gxf5 45. Rxf5 Ne6 46. Rxb5 Nd4 47. Rb7
Bf6 48. c4 Kf8 49. c5 1-0

[Event "Wroclaw Open"]
[Site "?"]
[Date "2017.08.16"]
[Round "3.10"]
[White "Sondej, Dominik"]
[Black "Kowalczyk, Pawel"]
[Result "0-1"]
[BlackElo "2311"]
[WhiteElo "1942"]
[LiveChessVersion "1.4.6"]

1. Nf3 f5 {[%clk 1:28:28]} 2. c4 {[%clk 1:30:34]} Nf6 {[%clk 1:28:53]} 3. Nc3
{[%clk 1:30:54]} e6 {[%clk 1:29:15]} 4. d4 {[%clk 1:30:18]} d5 {[%clk 1:29:43]}
5. e3 {[%clk 1:30:02]} c6 {[%clk 1:30:11]} 6. Bd3 {[%clk 1:25:40]} Bd6
{[%clk 1:28:41]} 7. O-O {[%clk 1:22:57]} O-O {[%clk 1:29:08]} 8. Qb3
{[%clk 1:21:38]} a6 {[%clk 1:28:54]} 9. a4 {[%clk 1:21:01]} a5 {[%clk 1:29:23]}
10. Re1 {[%clk 1:15:38]} Kh8 {[%clk 1:29:23]} 11. Qc2 {[%clk 0:59:25]} Na6
{[%clk 1:28:50]} 12. Na2 {[%clk 0:59:38]} Ne4 {[%clk 1:29:15]} 13. c5
{[%clk 0:49:39]} Bc7 {[%clk 1:29:36]} 14. b4 {[%clk 0:49:58]} Nxb4
{[%clk 1:29:56]} 15. Nxb4 {[%clk 0:50:12]} axb4 {[%clk 1:30:24]} 16. Bd2
{[%clk 0:46:20]} Rf6 {[%clk 1:29:42]} 17. Bxb4 {[%clk 0:42:35]} Rh6
{[%clk 1:30:04]} 18. g3 {[%clk 0:36:03]} Qe8 {[%clk 1:29:01]} 19. Qe2
{[%clk 0:25:50]} Qh5 {[%clk 1:27:09]} 20. Nh4 {[%clk 0:24:51]} Qf7
{[%clk 1:27:37]} 21. f4 {[%clk 0:14:53]} g5 {[%clk 1:25:45]} 22. Nf3
{[%clk 0:15:02]} gxf4 {[%clk 1:25:51]} 23. exf4 {[%clk 0:15:02]} Qg7
{[%clk 1:25:06]} 24. Bxe4 {[%clk 0:09:13]} fxe4 {[%clk 1:23:33]} 25. Ne5
{[%clk 0:09:33]} Bd7 {[%clk 1:23:24]} 26. Nxd7 {[%clk 0:08:06]} Qxd7
{[%clk 1:22:52]} 27. a5 {[%clk 0:07:41]} Qg7 {[%clk 1:23:05]} 28. Qe3
{[%clk 0:06:28]} Rf8 {[%clk 1:23:07]} 29. Rf1 {[%clk 0:06:20]} Rhf6
{[%clk 1:21:09]} 30. Kh1 {[%clk 0:04:12]} h5 {[%clk 1:18:42]} 31. h4
{[%clk 0:03:51]} Rg6 {[%clk 1:19:05]} 32. Rg1 {[%clk 0:03:03]} Rg4
{[%clk 1:19:24]} 33. Be1 {[%clk 0:00:46]} Rg8 {[%clk 1:17:26]} 34. Bf2
{[%clk 0:01:12]} Qf6 {[%clk 1:17:51]} 35. Qe1 {[%clk 0:00:45]} Qf5
{[%clk 1:17:42]} 36. Kh2 {[%clk 0:00:45]} Bxf4 {[%clk 1:17:12]} 0-1

[Event "Wroclaw Open"]
[Site "?"]
[Date "2017.08.16"]
[Round "3.11"]
[White "Schwedek, Tony"]
[Black "Reza, Wojciech"]
[Result "0-1"]
[BlackElo "2241"]
[WhiteElo "1920"]
[LiveChessVersion "1.4.6"]

1. c4 e5 2. g3 Nf6 3. Bg2 d5 4. cxd5 Nxd5 5. Nc3 Ne7 6. Nf3 Nbc6 7. O-O g6 8. d3
Bg7 9. Be3 O-O 10. Rc1 h6 11. a3 a5 12. Nb5 Nd5 13. Bc5 Re8 14. e4 Nf6 15. h3 b6
16. Be3 Ba6 17. Rxc6 Bxb5 18. Rc3 c5 19. Qc2 Nd7 20. Nd2 Nf8 21. Nc4 Rb8 22. Kh2
Ne6 23. Qd2 Kh7 24. Rcc1 Rb7 25. f4 exf4 26. gxf4 Bxc4 27. Rxc4 Rd7 28. Rd1 Bd4
29. Bxd4 Rxd4 30. Rxd4 Qxd4 31. Rg1 c4 32. f5 Qd6+ 33. Kh1 Nc5 34. fxg6+ fxg6 35.
d4 Nxe4 36. Bxe4 Rxe4 37. d5 Qe5 38. Qg2 g5 39. d6 Re2 40. Qb7+ Kg6 41. Rg2 Re1+
42. Rg1 Rxg1+ 43. Kxg1 Qg3+ 44. Kf1 Qxh3+ 45. Ke1 Qg3+ 46. Ke2 Qxd6 47. Qe4+ Kf6
48. Qf3+ Ke6 49. Qg4+ Ke5 0-1

[Event "Wroclaw Open"]
[Site "?"]
[Date "2017.08.16"]
[Round "3.12"]
[White "Czachor, Grzegorz"]
[Black "Pawicka, Magdalena"]
[Result "1-0"]
[BlackElo "1790"]
[WhiteElo "2108"]
[LiveChessVersion "1.4.6"]

1. g4 {[%clk 1:30:56]} d5 {[%clk 1:23:00]} 2. Bg2 {[%clk 1:30:55]} Bxg4
{[%clk 1:15:23]} 3. c4 {[%clk 1:30:35]} Be6 {[%clk 1:12:51]} 4. Qb3
{[%clk 1:29:11]} Qc8 {[%clk 1:07:08]} 5. cxd5 {[%clk 1:28:09]} Bd7
{[%clk 1:07:11]} 6. d4 {[%clk 1:25:44]} Nf6 {[%clk 1:03:37]} 7. Nc3
{[%clk 1:24:04]} c6 {[%clk 1:02:04]} 8. Bf4 {[%clk 1:24:14]} e6 {[%clk 0:58:12]}
9. Rc1 {[%clk 1:22:11]} Na6 {[%clk 0:51:06]} 10. dxe6 {[%clk 1:15:36]} Bxe6
{[%clk 0:51:10]} 11. d5 {[%clk 1:15:41]} Bd7 {[%clk 0:49:38]} 12. a3
{[%clk 1:04:48]} Be7 {[%clk 0:42:19]} 13. Nb5 {[%clk 0:55:41]} O-O
{[%clk 0:40:03]} 14. Nd4 {[%clk 0:52:49]} Nc5 {[%clk 0:33:19]} 15. Qd1
{[%clk 0:51:00]} Nh5 {[%clk 0:29:58]} 16. Be3 {[%clk 0:50:26]} Re8
{[%clk 0:27:41]} 17. b4 {[%clk 0:50:01]} Na6 {[%clk 0:27:46]} 18. dxc6
{[%clk 0:49:46]} bxc6 {[%clk 0:27:10]} 19. Nxc6 {[%clk 0:48:55]} Bxc6
{[%clk 0:24:25]} 20. Bxc6 {[%clk 0:49:16]} Rd8 {[%clk 0:23:24]} 21. Qa4
{[%clk 0:49:14]} Nc7 {[%clk 0:22:15]} 22. Nf3 {[%clk 0:43:48]} Rb8
{[%clk 0:20:44]} 23. Qa5 Bd6 {[%clk 0:20:00]} 24. Qxh5 {[%clk 0:43:07]} Ne6
{[%clk 0:18:40]} 25. Be4 {[%clk 0:39:15]} Qa6 {[%clk 0:17:51]} 26. Qxh7+
{[%clk 0:39:36]} Kf8 {[%clk 0:18:14]} 27. Ng5 {[%clk 0:39:25]} Qxa3
{[%clk 0:17:15]} 28. Nxe6+ {[%clk 0:39:18]} fxe6 {[%clk 0:17:35]} 29. Qh8+
{[%clk 0:35:07]} Kf7 {[%clk 0:17:57]} 30. Qh5+ {[%clk 0:35:34]} Kf8
{[%clk 0:17:24]} 31. Bg6 {[%clk 0:32:28]} Bxb4+ {[%clk 0:13:47]} 32. Kf1
{[%clk 0:32:31]} Ke7 {[%clk 0:12:07]} 33. Qg5+ {[%clk 0:31:08]} Kd7
{[%clk 0:11:53]} 34. Kg2 {[%clk 0:30:47]} Qa6 {[%clk 0:11:03]} 35. Be4
{[%clk 0:31:03]} Qxe2 {[%clk 0:08:59]} 36. Qxg7+ {[%clk 0:29:49]} Be7
{[%clk 0:08:28]} 37. Rc7+ {[%clk 0:29:35]} Kxc7 {[%clk 0:08:46]} 38. Qxe7+
{[%clk 0:30:02]} Rd7 {[%clk 0:08:42]} 39. Rc1+ {[%clk 0:30:26]} Qc4
{[%clk 0:08:35]} 40. Rxc4# {[%clk 0:30:52]} 1-0

[Event "Wroclaw Open"]
[Site "?"]
[Date "2017.08.16"]
[Round "3.13"]
[White "Van Der Heide, Gerben"]
[Black "Kanicki, Krzysztof"]
[Result "0-1"]
[BlackElo "2098"]
[WhiteElo "1908"]
[LiveChessVersion "1.4.6"]

1. e4 {[%clk 1:30:58]} c5 {[%clk 1:30:56]} 2. Nc3 {[%clk 1:31:22]} d6
{[%clk 1:31:19]} 3. f4 {[%clk 1:31:41]} Nc6 {[%clk 1:31:37]} 4. Nf3
{[%clk 1:32:00]} g6 {[%clk 1:31:45]} 5. Bb5 {[%clk 1:32:19]} Bd7 {[%clk 1:26:27]}
6. Bxc6 {[%clk 1:31:16]} Bxc6 {[%clk 1:26:28]} 7. O-O {[%clk 1:30:59]} Bg7
{[%clk 1:26:42]} 8. d3 {[%clk 1:31:11]} e6 {[%clk 1:11:29]} 9. Qe1
{[%clk 1:30:36]} Ne7 {[%clk 1:11:47]} 10. Bd2 {[%clk 1:16:51]} b5
{[%clk 1:11:22]} 11. f5 {[%clk 1:13:28]} gxf5 {[%clk 1:08:54]} 12. exf5
{[%clk 1:11:12]} Nxf5 {[%clk 1:06:32]} 13. Ng5 {[%clk 1:09:28]} Qe7
{[%clk 1:01:46]} 14. Nce4 {[%clk 0:53:26]} h6 {[%clk 0:45:00]} 15. Nxf7
{[%clk 0:37:10]} O-O {[%clk 0:39:50]} 16. Rxf5 {[%clk 0:25:37]} exf5
{[%clk 0:37:19]} 17. Nxh6+ {[%clk 0:24:01]} Bxh6 {[%clk 0:35:18]} 18. Bxh6
{[%clk 0:23:47]} fxe4 {[%clk 0:34:31]} 19. Qg3+ {[%clk 0:20:58]} Kh7
{[%clk 0:29:42]} 20. Bg5 {[%clk 0:13:32]} Qe6 {[%clk 0:16:11]} 21. Qh4+
{[%clk 0:10:52]} Kg8 {[%clk 0:15:26]} 22. Re1 {[%clk 0:10:12]} Rae8
{[%clk 0:14:46]} 23. Re3 {[%clk 0:09:31]} Qf5 {[%clk 0:10:58]} 24. h3
{[%clk 0:08:42]} Rf7 {[%clk 0:08:29]} 25. Rg3 {[%clk 0:05:46]} Qf2+
{[%clk 0:07:55]} 26. Kh2 {[%clk 0:05:58]} Rg7 {[%clk 0:05:51]} 27. Qh6
{[%clk 0:05:09]} exd3 {[%clk 0:04:09]} 28. Qxd6 {[%clk 0:04:20]} dxc2
{[%clk 0:02:13]} 29. Qxc6 {[%clk 0:04:39]} Qxg3+ {[%clk 0:01:47]} 30. Kxg3
{[%clk 0:04:42]} Rxg5+ {[%clk 0:02:15]} 31. Kh4 {[%clk 0:04:32]} c1=Q
{[%clk 0:00:36]} 32. Qxe8+ {[%clk 0:04:55]} Kh7 {[%clk 0:00:44]} 33. Qf7+
{[%clk 0:05:07]} Rg7 {[%clk 0:00:50]} 34. Qf5+ {[%clk 0:05:17]} Rg6
{[%clk 0:00:45]} 35. Qf7+ {[%clk 0:05:37]} Rg7 {[%clk 0:00:57]} 36. Qf5+
{[%clk 0:05:59]} Kg8 {[%clk 0:01:10]} 37. Qc8+ {[%clk 0:06:05]} Kf7
{[%clk 0:01:37]} 38. Qd7+ {[%clk 0:06:13]} Kf6 {[%clk 0:01:19]} 39. Qd6+
{[%clk 0:06:34]} Kf5 {[%clk 0:01:11]} 40. Qd5+ {[%clk 0:06:40]} Kf6
{[%clk 0:00:39]} 41. Qd6+ {[%clk 0:07:03]} Kf5 {[%clk 0:00:58]} 42. Qd5+
{[%clk 0:07:02]} Kf4 {[%clk 0:00:34]} 43. Qd6+ {[%clk 0:05:33]} Ke4
{[%clk 0:00:35]} 44. Qc6+ {[%clk 0:05:41]} Kd3 {[%clk 0:00:35]} 45. Qd5+
{[%clk 0:05:41]} Kc2 {[%clk 0:00:40]} 46. Qxc5+ {[%clk 0:05:23]} Kb1
{[%clk 0:00:37]} 47. Qxb5 {[%clk 0:04:41]} Qh6+ {[%clk 0:00:50]} 48. Qh5
{[%clk 0:05:06]} Qf6+ {[%clk 0:01:13]} 0-1